<?xml version="1.0" encoding="UTF-8"?><?xml-stylesheet type="text/xsl" href="static/style.xsl"?><OAI-PMH xmlns="http://www.openarchives.org/OAI/2.0/" xmlns:xsi="http://www.w3.org/2001/XMLSchema-instance" xsi:schemaLocation="http://www.openarchives.org/OAI/2.0/ http://www.openarchives.org/OAI/2.0/OAI-PMH.xsd"><responseDate>2026-04-17T19:12:51Z</responseDate><request verb="GetRecord" identifier="oai:www.recercat.cat:20.500.12328/5052" metadataPrefix="marc">https://recercat.cat/oai/request</request><GetRecord><record><header><identifier>oai:recercat.cat:20.500.12328/5052</identifier><datestamp>2025-10-10T18:36:32Z</datestamp><setSpec>com_2072_67741</setSpec><setSpec>col_2072_484352</setSpec></header><metadata><record xmlns="http://www.loc.gov/MARC21/slim" xmlns:dcterms="http://purl.org/dc/terms/" xmlns:xsi="http://www.w3.org/2001/XMLSchema-instance" xmlns:doc="http://www.lyncode.com/xoai" xsi:schemaLocation="http://www.loc.gov/MARC21/slim http://www.loc.gov/standards/marcxml/schema/MARC21slim.xsd">
   <leader>00925njm 22002777a 4500</leader>
   <datafield ind2=" " ind1=" " tag="042">
      <subfield code="a">dc</subfield>
   </datafield>
   <datafield ind2=" " ind1=" " tag="720">
      <subfield code="a">Marimon, Frederic</subfield>
      <subfield code="e">author</subfield>
   </datafield>
   <datafield ind2=" " ind1=" " tag="720">
      <subfield code="a">ARIAS VALLE, MARIA BELEN</subfield>
      <subfield code="e">author</subfield>
   </datafield>
   <datafield ind2=" " ind1=" " tag="720">
      <subfield code="a">CORIA AUGUSTO, Cesar Javier</subfield>
      <subfield code="e">author</subfield>
   </datafield>
   <datafield ind2=" " ind1=" " tag="720">
      <subfield code="a">Larrea Arnau , Claudio Marcelo</subfield>
      <subfield code="e">author</subfield>
   </datafield>
   <datafield ind2=" " ind1=" " tag="260">
      <subfield code="c">2025</subfield>
   </datafield>
   <datafield ind2=" " ind1=" " tag="520">
      <subfield code="a">La inteligencia artificial generativa, como ChatGPT, está transformando el ámbito de la educación superior, especialmente en el apoyo a tareas académicas. Sin embargo, su adopción efectiva depende de factores como la confianza de los estudiantes y su percepción sobre la utilidad de la herramienta. Este estudio analiza cómo el optimismo tecnológico, la utilidad percibida y la facilidad de uso influyen en la confianza de los estudiantes universitarios en ChatGPT. Se empleó una metodología cuantitativa, utilizando un modelo de ecuaciones estructurales (SEM) basado en datos recopilados de 316 estudiantes universitarios en Argentina. La encuesta incluyó preguntas sobre optimismo, utilidad percibida, facilidad de uso y confianza en ChatGPT, y se realizaron análisis factoriales para validar los constructos y examinar las relaciones propuestas en el modelo. Los resultados muestran que el optimismo de los estudiantes impacta significativamente en su percepción de utilidad y confianza en ChatGPT, mientras que la facilidad de uso no tiene un efecto directo significativo sobre la confianza. Esto sugiere que los estudiantes valoran los beneficios prácticos que la herramienta aporta a su proceso de aprendizaje más que su facilidad de uso. Estos hallazgos sugieren que las universidades deberían centrarse en resaltar el valor práctico de ChatGPT mediante programas de capacitación específicos y en fomentar un uso crítico de la herramienta. También se recomienda implementar estrategias que mejoren la interacción entre estudiantes y docentes y evaluar el potencial de ChatGPT para mejorar el rendimiento académico de los estudiantes.</subfield>
   </datafield>
   <datafield ind1="8" ind2=" " tag="024">
      <subfield code="a">Marimon, Frederic; Arias Valle, María Belén; Coria Augusto, César Javier [et al.]. Del optimismo a la confianza: el impacto de ChatGPT en la confianza de los estudiantes en el aprendizaje asistido por IA. RIED-Revista Iberoamericana de Educación a Distancia, 2025, 28(2), p. 131–153. Disponible en: &lt;https://revistas.uned.es/index.php/ried/article/view/43238>. Fecha de acceso: 3 oct. 2025. DOI: 10.5944/ried.28.2.43238</subfield>
   </datafield>
   <datafield ind1="8" ind2=" " tag="024">
      <subfield code="a">1138-2783</subfield>
   </datafield>
   <datafield ind1="8" ind2=" " tag="024">
      <subfield code="a">http://hdl.handle.net/20.500.12328/5052</subfield>
   </datafield>
   <datafield ind1="8" ind2=" " tag="024">
      <subfield code="a">https://dx.doi.org/10.5944/ried.28.2.43238</subfield>
   </datafield>
   <datafield tag="653" ind2=" " ind1=" ">
      <subfield code="a">Intel·ligència artificial</subfield>
   </datafield>
   <datafield tag="653" ind2=" " ind1=" ">
      <subfield code="a">Tecnologia educativa</subfield>
   </datafield>
   <datafield tag="653" ind2=" " ind1=" ">
      <subfield code="a">Aprenentatge automàtic</subfield>
   </datafield>
   <datafield tag="653" ind2=" " ind1=" ">
      <subfield code="a">Innovació educativa</subfield>
   </datafield>
   <datafield tag="653" ind2=" " ind1=" ">
      <subfield code="a">Teories d'aprenentatge</subfield>
   </datafield>
   <datafield tag="653" ind2=" " ind1=" ">
      <subfield code="a">Confiança</subfield>
   </datafield>
   <datafield tag="653" ind2=" " ind1=" ">
      <subfield code="a">Inteligencia artificial</subfield>
   </datafield>
   <datafield tag="653" ind2=" " ind1=" ">
      <subfield code="a">Tecnología educativa</subfield>
   </datafield>
   <datafield tag="653" ind2=" " ind1=" ">
      <subfield code="a">Aprendizaje automático</subfield>
   </datafield>
   <datafield tag="653" ind2=" " ind1=" ">
      <subfield code="a">Innovación educativa</subfield>
   </datafield>
   <datafield tag="653" ind2=" " ind1=" ">
      <subfield code="a">Teorías de aprendizaje</subfield>
   </datafield>
   <datafield tag="653" ind2=" " ind1=" ">
      <subfield code="a">Confianza</subfield>
   </datafield>
   <datafield tag="653" ind2=" " ind1=" ">
      <subfield code="a">Artificial intelligence</subfield>
   </datafield>
   <datafield tag="653" ind2=" " ind1=" ">
      <subfield code="a">Educational technology</subfield>
   </datafield>
   <datafield tag="653" ind2=" " ind1=" ">
      <subfield code="a">Machine learning</subfield>
   </datafield>
   <datafield tag="653" ind2=" " ind1=" ">
      <subfield code="a">Educational innovation</subfield>
   </datafield>
   <datafield tag="653" ind2=" " ind1=" ">
      <subfield code="a">Learning theories</subfield>
   </datafield>
   <datafield tag="653" ind2=" " ind1=" ">
      <subfield code="a">Trust</subfield>
   </datafield>
   <datafield ind2="0" ind1="0" tag="245">
      <subfield code="a">Del optimismo a la confianza: el impacto de ChatGPT en la confianza de los estudiantes en el aprendizaje asistido por IA</subfield>
   </datafield>
</record></metadata></record></GetRecord></OAI-PMH>